000 00475nam a2200193 a 4500
001 869
003 CO-ViMGA
008 141112s2004 ck r 000 u spa d
040 _aCO-ViMGA
_bspa
_cCO-ViMGA
082 0 4 _aGOMam
100 1 _aGómez Cerdá, Alfredo
_95941
245 1 0 _aAmalia, Amelia y Emilia
250 _a2a
260 _aMadrid :
_bS.M,
_c1994
300 _a87 p : il
490 _aEl barco de vapor
650 1 4 _aCUENTOS INFANTILES
_92743
942 _2ddc
_cBK
999 _c13099
_d13099